000 00327nam a22001457a 4500
008 210226b ||||| |||| 00| 0 eng d
020 _a9781559341059
041 _aeng
080 _a32
082 _a32
100 _a19
101 _aSHK
245 _aThe art and science of Public Speaking
_cBrydon, S.R
942 _2udc
_cBK
999 _c55306
_d55306